000 01062nam a2200277 a 4500
001 25220
003 CO-ViMGA
005 20230915232047.0
008 141112s2004 ck r 000 u spa d
020 _a9788467907032
040 _aCO-ViMGA
_bspa
_cCO-ViMGA
041 _aspa eng
082 0 4 _a741.5973 D67a
100 1 _aDorkin, Evan, 1965 -
_938411
245 1 0 _aLos animales de Burden Hill :
_britos peludos /
_cguión de Evan Dorkin ; dibujo de Jill Thompson ; traducción Diego García.
250 _aEditor Mike Richardson.
260 _aBarcelona :
_bNorma Editorial,
_c2011.
300 _a179 p. : il. ; 26 cm.
586 _aPremio Eisner a la Mejor Publicación para Adolescentes, 2010.
650 1 4 _aComics
_938412
650 1 4 _aCuentos gráficos estadounidenses.
_938413
650 1 4 _aHistorietas
_914186
700 1 _aThompson, Jill, 1966 -
_938414
942 _2ddc
_cBK
999 _c32846
_d32846